| 000 | 00833nas a2200265Ia 4500 | ||
|---|---|---|---|
| 001 | A10/R168-21488 [r000045621] | ||
| 003 | IT-MiCISF | ||
| 008 | 161014c99999999xx |||||||||||| ||und|| | ||
| 040 |
_aIT-MiCISF _cIT-MiCISF |
||
| 041 | _aITALIANO | ||
| 100 | _aVan Den Aardweg Gerard J.M. | ||
| 210 | _aStudi cattolici | ||
| 222 | _aStudi cattolici | ||
| 245 | 0 | _aOmosessualità verso la liberazione | |
| 250 | _a1a ed. | ||
| 260 | _c1993 | ||
| 501 |
_bCISF - Centro Internazionale Studi Famiglia - Via Giotto, 36 20145 MILANO (non commercial uses only) _cCopyright 2016 |
||
| 300 | _app. 809-812 | ||
| 362 | _an. 394, dicembre [1993] | ||
| 500 | _a Tema: sessualità, identità-maschile, terapia, omosessualità | ||
| 650 |
_asessualità _varticolo |
||
| 700 | _aAA.VV. | ||
| 942 | _cCR | ||
| 957 | _71 | ||
| 999 |
_a21488 _bSi _g1 _c239741 _d239741 |
||